La danse de l'univers : comment est constitue ce monde qui nous entoure? = La danza del universo : como esta constituido este mundo que nos rodea?
Saved in:
| Format: | Book |
|---|---|
| Language: | French Spanish |
| Published: |
Paris :
Groupe de Liaison pour l' Action Culturelle Scientifique,
c1986
|
| Subjects: | |
| Tags: |
Add Tag
No Tags, Be the first to tag this record!
|
MARC
| LEADER | 00000nam a2200000 i 4500 | ||
|---|---|---|---|
| 001 | 1/11865 | ||
| 008 | 000918s1986 fre d | ||
| 020 | |a 2-9501439-0-3 | ||
| 035 | |l 10063991 | ||
| 040 | |a GR-MY-UA |b gre |e aacr | ||
| 041 | 0 | |a fre |a spa | |
| 082 | 0 | |a 530 | |
| 245 | 1 | 3 | |a La danse de l'univers : |b comment est constitue ce monde qui nous entoure? = La danza del universo : como esta constituido este mundo que nos rodea? |
| 260 | |a Paris : |b Groupe de Liaison pour l' Action Culturelle Scientifique, |c c1986 | ||
| 300 | |a 71 p.; |c 26 cm | ||
| 650 | 0 | 0 | |a Physics |x History. |
| 852 | |a INST |b RHODES |e 20000918 |h 530 DAN |p 005400000285 |q 005400000285 |t BK |y 0 | ||
| 909 | |a Ρ |b 004297 | ||
| 922 | |a 4ΕΛΗ |b 198811 | ||
| 970 | |z 2000/09/ΧΡΥΣΑΝΘΗ | ||